[Event "4NCL Division 2a"]
[Site "De Vere, Sunningdale ENG"]
[Date "2012.11.04"]
[Round "2.32"]
[White "Kett, Timothy J"]
[Black "Coates, David H"]
[Result "1/2-1/2"]
[WhiteElo "2216"]
[BlackElo "2085"]
[PlyCount "83"]
[EventDate "2012.11.04"]
[WhiteTeam "Rhyfelwyr Essyllwg 1"]
[BlackTeam "e2e4.org.uk 2"]

1. e4 c5 2. Nf3 d6 3. d4 cxd4 4. Nxd4 Nf6 5. Nc3 a6 6. a4 e5 7. Nf3 Be7 8. Bd3
O-O 9. O-O Qc7 10. Qe2 Be6 11. Ng5 Rc8 12. Nxe6 fxe6 13. f4 exf4 14. Bxf4 Nc6
15. e5 dxe5 16. Bg3 Nb4 17. Bxe5 Qb6+ 18. Kh1 Nxd3 19. cxd3 Rc6 20. Rf3 Ng4 21.
Raf1 Nxe5 22. Qxe5 Qc5 23. Qg3 Rf8 24. Rxf8+ Bxf8 25. Qb8 Rb6 26. Ne4 Qe7 27.
Qe5 Rc6 28. h3 Qc7 29. Qg5 Be7 30. Qh5 g6 31. Qf3 Rc1 32. Qf7+ Kh8 33. Ng5
Rxf1+ 34. Qxf1 Qa5 35. Nxe6 Qxa4 36. Nf4 Bd6 37. Ne2 Qd7 38. Qf6+ Kg8 39. Nf4
Bxf4 40. Qxf4 Qxd3 41. Qb8+ Kg7 42. Qxb7+ 1/2-1/2

[Event "4NCL Division 2a"]
[Site "De Vere, Sunningdale ENG"]
[Date "2012.11.04"]
[Round "2.33"]
[White "Bonafont, Philip R"]
[Black "Trevelyan, John"]
[Result "1-0"]
[WhiteElo "2074"]
[BlackElo "2129"]
[PlyCount "120"]
[EventDate "2012.11.04"]
[WhiteTeam "e2e4.org.uk 2"]
[BlackTeam "Rhyfelwyr Essyllwg 1"]

1. d4 d6 2. Nf3 Nd7 3. c4 e5 4. Nc3 Ngf6 5. e4 Be7 6. Be2 O-O 7. O-O c6 8. Qc2
h6 9. Rd1 Qe8 10. h3 Nh7 11. Be3 Ng5 12. b4 Nxf3+ 13. Bxf3 Bg5 14. Bxg5 hxg5
15. d5 c5 16. Nb5 Qe7 17. a3 b6 18. Rab1 Nf6 19. bxc5 bxc5 20. Rb3 g6 21. Qe2
Kg7 22. Rdb1 Rh8 23. Nc3 Ba6 24. Nd1 Rh4 25. Ne3 Rah8 26. Rb8 Rxb8 27. Rxb8 Qc7
28. Rb3 Rh8 29. Qd2 Rb8 30. Rxb8 Qxb8 31. Qa5 Qb1+ 32. Kh2 Qb6 33. Qa4 Bc8 34.
Ng4 Bd7 35. Qc2 Ne8 36. Ne3 Qa5 37. Qc1 Nf6 38. Ng4 Nh7 39. Ne3 f5 40. Nf1 f4
41. Bg4 Ba4 42. Nd2 Nf6 43. Be6 Bd7 44. Bxd7 Nxd7 45. Kg1 Nb6 46. Kh2 Na4 47.
Qd1 g4 48. hxg4 Nb2 49. Qe2 Qxa3 50. g5 f3 51. Nxf3 Qb4 52. Nh4 Qb7 53. f4 a5
54. f5 a4 55. fxg6 a3 56. Qh5 Kg8 57. Nf5 a2 58. g7 Qxg7 59. Nxg7 a1=Q 60. Ne6
Qa7 1-0

[Event "4NCL Division 2a"]
[Site "De Vere, Sunningdale ENG"]
[Date "2012.11.04"]
[Round "2.34"]
[White "Morris, Gareth L"]
[Black "Denton, John R"]
[Result "1-0"]
[WhiteElo "2091"]
[BlackElo "2066"]
[PlyCount "53"]
[EventDate "2012.11.04"]
[WhiteTeam "Rhyfelwyr Essyllwg 1"]
[BlackTeam "e2e4.org.uk 2"]

1. d4 Nf6 2. Nf3 e6 3. Bg5 d5 4. c4 c6 5. e3 Nbd7 6. a3 Be7 7. Nbd2 O-O 8. Bd3
b6 9. O-O Bb7 10. Rc1 c5 11. cxd5 exd5 12. h3 Re8 13. Bf4 c4 14. Bb1 b5 15. Ne5
Nb6 16. Qc2 g6 17. Bh6 a5 18. f4 Ne4 19. f5 g5 20. f6 Bxf6 21. Nxe4 dxe4 22.
Qf2 Re6 23. Bxg5 Bxg5 24. Qxf7+ Kh8 25. Qxe6 Bxe3+ 26. Kh1 Bc8 27. Nf7+ 1-0

[Event "4NCL Division 2a"]
[Site "De Vere, Sunningdale ENG"]
[Date "2012.11.04"]
[Round "2.35"]
[White "Garnett, John S"]
[Black "Young, Alan"]
[Result "0-1"]
[WhiteElo "2030"]
[BlackElo "2049"]
[PlyCount "62"]
[EventDate "2012.11.04"]
[WhiteTeam "e2e4.org.uk 2"]
[BlackTeam "Rhyfelwyr Essyllwg 1"]

1. c4 c5 2. g3 e6 3. Bg2 d5 4. cxd5 exd5 5. d4 Nf6 6. Nf3 Nc6 7. O-O Be7 8. Nc3
O-O 9. Bg5 c4 10. Rc1 Be6 11. b3 Ba3 12. Bxf6 Qxf6 13. Rb1 Bb4 14. Nb5 c3 15.
Rc1 Rfd8 16. a3 a6 17. axb4 axb5 18. Rxc3 Qe7 19. Rc5 Nxb4 20. Qd2 Nc6 21. Qb2
b4 22. e3 Ra3 23. Ra1 Rda8 24. Rxa3 bxa3 25. Qa1 Nb4 26. Ne1 g6 27. Bf3 a2 28.
Bd1 Bf5 29. Bc2 Bxc2 30. Rxc2 Nxc2 31. Nxc2 Qe4 0-1

[Event "4NCL Division 2a"]
[Site "De Vere, Sunningdale ENG"]
[Date "2012.11.04"]
[Round "2.36"]
[White "Brown, Tom"]
[Black "Webster, Richard J"]
[Result "1-0"]
[WhiteElo "2085"]
[BlackElo "2004"]
[PlyCount "83"]
[EventDate "2012.11.04"]
[WhiteTeam "Rhyfelwyr Essyllwg 1"]
[BlackTeam "e2e4.org.uk 2"]

1. d4 e6 2. Nf3 Nf6 3. e3 b6 4. Bd3 Bb7 5. Nbd2 d5 6. Ne5 Be7 7. O-O O-O 8. c3
c6 9. Qe2 Nbd7 10. f4 Re8 11. g4 Nf8 12. f5 N6d7 13. Ndf3 f6 14. Nxd7 Qxd7 15.
Bd2 Bd8 16. fxe6 Qxe6 17. Bf5 Qe7 18. Rae1 Bc8 19. Bc1 g6 20. Bxc8 Rxc8 21. Nd2
Ne6 22. e4 Ng5 23. e5 Bc7 24. Rxf6 Nh3+ 25. Kh1 Qxf6 26. exf6 Rxe2 27. Rxe2 Bd8
28. Nf3 g5 29. Nxg5 Nxg5 30. Bxg5 Kf7 31. Bh4 c5 32. g5 cxd4 33. cxd4 Rc1+ 34.
Kg2 Rd1 35. Bf2 h6 36. h4 hxg5 37. hxg5 b5 38. Kf3 Bb6 39. Kg4 Bxd4 40. Bxd4
Rxd4+ 41. Kf5 Rd1 42. Re7+ 1-0

[Event "4NCL Division 2a"]
[Site "De Vere, Sunningdale ENG"]
[Date "2012.11.04"]
[Round "2.37"]
[White "Truman, Richard G"]
[Black "Smith, Olivia"]
[Result "1-0"]
[WhiteElo "1969"]
[BlackElo "2018"]
[PlyCount "75"]
[EventDate "2012.11.04"]
[WhiteTeam "e2e4.org.uk 2"]
[BlackTeam "Rhyfelwyr Essyllwg 1"]

1. d4 Nf6 2. c4 g6 3. Nc3 Bg7 4. e4 d6 5. f3 b6 6. Be3 Bb7 7. Qd2 c5 8. d5 Nbd7
9. Nh3 Ne5 10. Be2 h5 11. O-O Bc8 12. Ng5 a6 13. h3 Qc7 14. f4 Ned7 15. Bd3 Nh7
16. Nxh7 Rxh7 17. e5 dxe5 18. f5 Nf8 19. fxg6 Nxg6 20. Qc2 e4 21. Bxe4 Bxc3 22.
Bxg6 Qg3 23. Bxh7 Qxe3+ 24. Kh1 Bd4 25. Rae1 Qg3 26. Qe4 Ra7 27. Rf3 Qd6 28.
Bg8 f5 29. Qh4 Qh6 30. Be6 Bxe6 31. Rxe6 Qc1+ 32. Re1 Qd2 33. Qxh5+ Kd8 34.
Ref1 Rd7 35. Qxf5 Qxb2 36. Qf8+ Kc7 37. Qa8 Bf6 38. Qxa6 1-0

[Event "4NCL Division 2a"]
[Site "De Vere, Sunningdale ENG"]
[Date "2012.11.04"]
[Round "2.38"]
[White "Freeland, Alexander"]
[Black "Dias, Theodore R"]
[Result "1-0"]
[WhiteElo "1819"]
[BlackElo "1790"]
[PlyCount "75"]
[EventDate "2012.11.04"]
[WhiteTeam "Rhyfelwyr Essyllwg 1"]
[BlackTeam "e2e4.org.uk 2"]

1. e4 c5 2. Nf3 Nc6 3. d4 cxd4 4. Nxd4 Nf6 5. Nc3 d6 6. Bg5 e6 7. Qd2 Be7 8.
O-O-O Nxd4 9. Qxd4 a6 10. Bxf6 Bxf6 11. Qxd6 Qxd6 12. Rxd6 Ke7 13. Rd3 b5 14.
g3 Bb7 15. Bg2 Rac8 16. Rhd1 Rc7 17. R1d2 Rhc8 18. Nd1 g5 19. Ne3 Bg7 20. f4
Bh6 21. f5 g4 22. f6+ Ke8 23. Kd1 Bg5 24. e5 Bxg2 25. Rxg2 Bxe3 26. Rxe3 Rd8+
27. Rd2 Rcd7 28. Ree2 Rd5 29. b3 a5 30. c3 h6 31. Kc2 R8d7 32. Rxd5 Rxd5 33. c4
bxc4 34. bxc4 Rc5 35. Kc3 Kd7 36. Kd4 Kc6 37. a4 h5 38. Rb2 1-0

[Event "4NCL Division 2a"]
[Site "De Vere, Sunningdale ENG"]
[Date "2012.11.04"]
[Round "2.41"]
[White "Carleton, John J"]
[Black "Yeo, Michael J"]
[Result "1/2-1/2"]
[WhiteElo "2277"]
[BlackElo "2192"]
[PlyCount "89"]
[EventDate "2012.11.04"]
[WhiteTeam "Spirit of Atticus"]
[BlackTeam "Wessex"]

1. d4 Nf6 2. c4 g6 3. Nc3 d5 4. cxd5 Nxd5 5. e4 Nxc3 6. bxc3 Bg7 7. Bc4 c5 8.
Ne2 Nc6 9. Be3 O-O 10. O-O Na5 11. Bd3 b6 12. Rc1 e5 13. d5 c4 14. Bb1 f5 15.
f4 Qd6 16. Ng3 Bd7 17. exf5 gxf5 18. fxe5 Bxe5 19. Nxf5 Bxf5 20. Bxf5 Bxh2+ 21.
Kh1 Be5 22. Qh5 Qc7 23. d6 Qf7 24. Qxf7+ Kxf7 25. Bh6 Bxd6 26. Bxf8 Rxf8 27.
Bxh7+ Ke6 28. Rce1+ Kd5 29. Be4+ Kc5 30. Rxf8 Bxf8 31. Rf1 Bg7 32. Rf3 Bxc3 33.
Rxc3 Kd4 34. Rh3 Kxe4 35. Kg1 Nc6 36. Kf2 Nb4 37. Ke2 Nxa2 38. Ra3 Nc1+ 39. Kd1
Nd3 40. Rxa7 b5 41. Rc7 Kd4 42. Kd2 b4 43. Rd7+ Ke4 44. Rc7 Kd4 45. Rd7+
1/2-1/2

[Event "4NCL Division 2a"]
[Site "De Vere, Sunningdale ENG"]
[Date "2012.11.04"]
[Round "2.42"]
[White "Lock, Gavin R"]
[Black "Ivell, Nicholas W"]
[Result "1/2-1/2"]
[WhiteElo "2162"]
[BlackElo "2320"]
[PlyCount "39"]
[EventDate "2012.11.04"]
[WhiteTeam "Wessex"]
[BlackTeam "Spirit of Atticus"]

1. d4 d5 2. Nf3 e6 3. c4 c5 4. cxd5 exd5 5. g3 Nf6 6. Bg2 Be7 7. O-O O-O 8. Nc3
Nc6 9. Bg5 cxd4 10. Nxd4 h6 11. Be3 Re8 12. Rc1 Be6 13. Na4 Bd7 14. Nxc6 bxc6
15. Bc5 Bg4 16. Re1 Bxc5 17. Nxc5 Qa5 18. h3 Bh5 19. a3 Bg6 20. Qd4 1/2-1/2

[Event "4NCL Division 2a"]
[Site "De Vere, Sunningdale ENG"]
[Date "2012.11.04"]
[Round "2.43"]
[White "Jackson, Sheila"]
[Black "Simons, Martin J"]
[Result "1/2-1/2"]
[WhiteElo "2177"]
[BlackElo "2154"]
[PlyCount "32"]
[EventDate "2012.11.04"]
[WhiteTeam "Spirit of Atticus"]
[BlackTeam "Wessex"]

1. e4 Nc6 2. Nf3 d5 3. exd5 Qxd5 4. Nc3 Qa5 5. Bb5 Bd7 6. O-O O-O-O 7. Re1 f6
8. d3 e5 9. Bd2 Bb4 10. Bc4 Nge7 11. a3 Bxc3 12. Bxc3 Qb6 13. h3 Nf5 14. b4
Ncd4 15. a4 Nxf3+ 16. Qxf3 Nd4 1/2-1/2

[Event "4NCL Division 2a"]
[Site "De Vere, Sunningdale ENG"]
[Date "2012.11.04"]
[Round "2.44"]
[White "Pleasants, Allan J"]
[Black "Smith, Andrew P"]
[Result "1-0"]
[WhiteElo "2103"]
[BlackElo "2194"]
[PlyCount "75"]
[EventDate "2012.11.04"]
[WhiteTeam "Wessex"]
[BlackTeam "Spirit of Atticus"]

1. e4 c5 2. Nc3 Nc6 3. g3 g5 4. d3 h6 5. Bg2 d6 6. h4 gxh4 7. Rxh4 Bg7 8. Nge2
Nf6 9. Nf4 Bd7 10. Bd2 Nd4 11. Ncd5 Nxd5 12. Nxd5 Nc6 13. Bf3 e6 14. Nc3 Qe7
15. a3 O-O-O 16. b4 Nd4 17. Rb1 Kb8 18. Bg2 h5 19. Ne2 Bf6 20. Nxd4 Bxd4 21.
bxc5 Bxc5 22. e5 d5 23. c4 Bc6 24. d4 Bb6 25. Bb4 Qg5 26. c5 Bc7 27. Bd2 Qg6
28. Qb3 f6 29. Bf1 Ka8 30. Bb5 Rb8 31. exf6 Rhf8 32. Bf4 Qe4+ 33. Kf1 Bxf4 34.
Rxf4 Qg6 35. f7 a6 36. Bxc6 bxc6 37. Qxb8+ Rxb8 38. Rxb8+ 1-0

[Event "4NCL Division 2a"]
[Site "De Vere, Sunningdale ENG"]
[Date "2012.11.04"]
[Round "2.45"]
[White "Ackley, Peter JE"]
[Black "Jenks, C Bruce"]
[Result "0-1"]
[WhiteElo "2029"]
[BlackElo "2135"]
[PlyCount "102"]
[EventDate "2012.11.04"]
[WhiteTeam "Spirit of Atticus"]
[BlackTeam "Wessex"]

1. Nf3 c5 2. c4 g6 3. Nc3 Bg7 4. g3 b6 5. Bg2 Bb7 6. O-O Nf6 7. b3 O-O 8. Bb2
d5 9. cxd5 Nxd5 10. Qc1 Nd7 11. Nxd5 Bxd5 12. Bxg7 Kxg7 13. Qb2+ Nf6 14. Rfd1
Qc7 15. d4 cxd4 16. Rxd4 Rfd8 17. Rc1 Qb7 18. Rcd1 Rd6 19. Rxd5 Rxd5 20. Rxd5
Qxd5 21. Ne1 Qd8 22. Bxa8 Qxa8 23. f3 Qd5 24. Nd3 h5 25. Kf2 Qf5 26. e4 Qh3 27.
Ke3 g5 28. a4 Qf1 29. Qf2 Qd1 30. Qb2 g4 31. fxg4 hxg4 32. Nf2 Qf3+ 33. Kd4 Nd7
34. Kc4+ f6 35. b4 Ne5+ 36. Kb5 Nd3 37. Nxd3 Qxd3+ 38. Kc6 Qxe4+ 39. Kd7 e5 40.
Kc7 Qd4 41. Qb3 e4 42. Kb7 Qd7+ 43. Kb8 Qe8+ 44. Kxa7 Qf7+ 45. Qxf7+ Kxf7 46.
Kxb6 e3 47. a5 e2 48. a6 e1=Q 49. b5 Qe6+ 50. Ka7 Qd7+ 51. Kb6 Qc8 0-1

[Event "4NCL Division 2a"]
[Site "De Vere, Sunningdale ENG"]
[Date "2012.11.04"]
[Round "2.46"]
[White "de Coverly, Roger D"]
[Black "Connor, Stephen J"]
[Result "1/2-1/2"]
[WhiteElo "2035"]
[BlackElo "2065"]
[PlyCount "101"]
[EventDate "2012.11.04"]
[WhiteTeam "Wessex"]
[BlackTeam "Spirit of Atticus"]

1. e4 c5 2. Nf3 d6 3. d4 cxd4 4. Nxd4 Nf6 5. Nc3 a6 6. Bg5 e6 7. f4 Qb6 8. Nb3
Qe3+ 9. Qe2 Qxe2+ 10. Bxe2 Nc6 11. O-O-O Be7 12. Bf3 Nd7 13. Bxe7 Kxe7 14. Rd2
Nb6 15. Rhd1 Rd8 16. Re2 Kf8 17. h3 Nc4 18. Nd2 Nxd2 19. Rexd2 Ke7 20. Ne2 b5
21. e5 d5 22. Nd4 Nxd4 23. Rxd4 Bb7 24. b3 Rdc8 25. Kb2 Rc7 26. a4 Rac8 27.
R1d2 Bc6 28. a5 Bb7 29. f5 Bc6 30. fxe6 fxe6 31. Rf4 Rf8 32. Rxf8 Kxf8 33. Rd4
Be8 34. c3 Bg6 35. Bg4 Ke7 36. Be2 Be8 37. c4 bxc4 38. bxc4 Rc5 39. cxd5 exd5
40. Bxa6 Rxa5 41. Bd3 Ke6 42. Bxh7 Kxe5 43. Rg4 Ra7 44. h4 Bc6 45. g3 Rf7 46.
Bg8 Rb7+ 47. Kc3 Ra7 48. Kd2 Ra2+ 49. Ke3 Ra3+ 50. Kd2 Ra2+ 51. Ke3 1/2-1/2

[Event "4NCL Division 2a"]
[Site "De Vere, Sunningdale ENG"]
[Date "2012.11.04"]
[Round "2.47"]
[White "Mort, Andrew J"]
[Black "Gregory, Keith DF"]
[Result "1/2-1/2"]
[WhiteElo "2021"]
[BlackElo "2047"]
[PlyCount "25"]
[EventDate "2012.11.04"]
[WhiteTeam "Spirit of Atticus"]
[BlackTeam "Wessex"]

1. c4 d6 2. g3 e5 3. Bg2 Nc6 4. Nc3 Be6 5. d3 Qd7 6. e4 Nd4 7. Be3 c5 8. h3 Ne7
9. Nge2 Nec6 10. Bxd4 Nxd4 11. Nxd4 cxd4 12. Nd5 Be7 13. Qd2 1/2-1/2

[Event "4NCL Division 2a"]
[Site "De Vere, Sunningdale ENG"]
[Date "2012.11.04"]
[Round "2.48"]
[White "Reid, Vaness"]
[Black "Robertson, David J"]
[Result "1/2-1/2"]
[WhiteElo "1838"]
[BlackElo "1939"]
[PlyCount "108"]
[EventDate "2012.11.04"]
[WhiteTeam "Wessex"]
[BlackTeam "Spirit of Atticus"]

1. d4 d5 2. c4 e6 3. Nc3 c6 4. cxd5 exd5 5. Nf3 Bf5 6. Bg5 Qb6 7. Qc1 Nd7 8. e3
Ngf6 9. Be2 Ne4 10. Bh4 Nxc3 11. bxc3 Qa5 12. a3 b5 13. O-O Bd6 14. Nd2 O-O 15.
Bf3 Qc7 16. Bg3 Bxg3 17. hxg3 Bd3 18. Re1 f5 19. a4 bxa4 20. c4 Qa5 21. cxd5
cxd5 22. Qc6 Nb6 23. Nb3 Qb5 24. Qxb5 Bxb5 25. Nc5 Rfd8 26. Rec1 Rab8 27. Bd1
Rdc8 28. Bc2 g6 29. Rcb1 Nc4 30. Bd3 Kf7 31. Rb4 a5 32. Rbb1 Nd6 33. Bxb5 Rxb5
34. Rxb5 Nxb5 35. Rxa4 Ra8 36. Nb3 Nc3 37. Rxa5 Rb8 38. Ra7+ Kf6 39. Nd2 Rb2
40. Nf3 Ne4 41. Ra6+ Kg7 42. Ra7+ Kh6 43. Ne5 Rb1+ 44. Kh2 Nxf2 45. g4 Rh1+ 46.
Kg3 Ne4+ 47. Kf4 Rf1+ 48. Nf3 fxg4 49. Kxg4 Rf2 50. Kh3 Re2 51. Rd7 g5 52. Ne5
Nf6 53. Ng4+ Nxg4 54. Kxg4 Rxe3 1/2-1/2

[Event "4NCL Division 2b"]
[Site "De Vere, Sunningdale ENG"]
[Date "2012.11.04"]
[Round "2.51"]
[White "Richardson, John R"]
[Black "Kwiatkowski, Feliks J"]
[Result "1/2-1/2"]
[WhiteElo "2320"]
[BlackElo "2232"]
[PlyCount "70"]
[EventDate "2012.11.04"]
[WhiteTeam "The AD's"]
[BlackTeam "Kings Head"]

1. d4 Nf6 2. c4 e6 3. Nc3 Bb4 4. e3 b6 5. Nge2 c5 6. a3 Ba5 7. Rb1 Na6 8. Bd2
Bb7 9. d5 exd5 10. cxd5 O-O 11. Nf4 Bxc3 12. bxc3 Ne4 13. c4 d6 14. Bd3 Nxd2
15. Qxd2 Nb8 16. Qc2 g6 17. h4 Nd7 18. h5 Ne5 19. hxg6 hxg6 20. Bxg6 fxg6 21.
Nxg6 Qc7 22. Nxe5 dxe5 23. e4 Rf7 24. Rb3 Rg7 25. Rbh3 Qe7 26. Qd1 Qg5 27. Rh8+
Kf7 28. Qh5+ Qxh5 29. R8xh5 Re8 30. Rf5+ Kg8 31. Rhh5 Ba6 32. g3 Bxc4 33. Rxe5
Rxe5 34. Rxe5 Kf8 35. Kd2 b5 1/2-1/2

[Event "4NCL Division 2b"]
[Site "De Vere, Sunningdale ENG"]
[Date "2012.11.04"]
[Round "2.52"]
[White "Whiteley, Andrew J"]
[Black "Snape, Ian L"]
[Result "1/2-1/2"]
[WhiteElo "2251"]
[BlackElo "2245"]
[PlyCount "67"]
[EventDate "2012.11.04"]
[WhiteTeam "Kings Head"]
[BlackTeam "The AD's"]

1. d4 Nf6 2. c4 c5 3. d5 e6 4. Nc3 exd5 5. cxd5 d6 6. Nf3 g6 7. Nd2 Bg7 8. Nc4
O-O 9. Bg5 h6 10. Bh4 Nbd7 11. Nxd6 Nb6 12. Nxc8 Rxc8 13. e3 Nbxd5 14. Bxf6
Nxf6 15. Qb3 Qb6 16. Qb5 Qxb5 17. Bxb5 a6 18. Be2 b5 19. O-O-O c4 20. Nd5 Nxd5
21. Rxd5 c3 22. bxc3 Rxc3+ 23. Kb1 Rfc8 24. Rhd1 Bf6 25. R5d3 R3c4 26. Bf3 a5
27. Bd5 Rc2 28. R3d2 R2c7 29. Re2 a4 30. f4 Rc3 31. e4 b4 32. Ree1 Rc2 33. e5
Bg7 34. Be4 1/2-1/2

[Event "4NCL Division 2b"]
[Site "De Vere, Sunningdale ENG"]
[Date "2012.11.04"]
[Round "2.53"]
[White "Swindells, Jonathan E"]
[Black "Spivack, Simon SY"]
[Result "1/2-1/2"]
[WhiteElo "2167"]
[BlackElo "2192"]
[PlyCount "52"]
[EventDate "2012.11.04"]
[WhiteTeam "The AD's"]
[BlackTeam "Kings Head"]

1. e4 e6 2. d3 d5 3. Nd2 Nf6 4. Ngf3 b6 5. c3 c5 6. e5 Nfd7 7. d4 Be7 8. Bd3
Ba6 9. Bxa6 Nxa6 10. Qe2 Nc7 11. O-O O-O 12. b3 b5 13. dxc5 Nxc5 14. Nd4 Qd7
15. f4 f6 16. exf6 gxf6 17. Rf3 Rf7 18. Ba3 Re8 19. Rg3+ Kh8 20. Rf1 a6 21. Bb2
Rg8 22. Rxg8+ Kxg8 23. Rf3 Rg7 24. c4 dxc4 25. bxc4 bxc4 26. Qxc4 Qd5 1/2-1/2

[Event "4NCL Division 2b"]
[Site "De Vere, Sunningdale ENG"]
[Date "2012.11.04"]
[Round "2.54"]
[White "Guthrie, David W"]
[Black "Anderton, David W"]
[Result "1-0"]
[WhiteElo "2167"]
[BlackElo "2217"]
[PlyCount "75"]
[EventDate "2012.11.04"]
[WhiteTeam "Kings Head"]
[BlackTeam "The AD's"]

1. d4 f5 2. Nf3 Nf6 3. g3 g6 4. Bg2 Bg7 5. O-O O-O 6. b3 d6 7. Bb2 Na6 8. c4 c6
9. Qc2 Qe8 10. Nbd2 h6 11. Rfe1 Rb8 12. a3 c5 13. e4 fxe4 14. Nxe4 Bf5 15. Nh4
Bxe4 16. Bxe4 Nxe4 17. Qxe4 cxd4 18. Nxg6 e5 19. Nxf8 Qxf8 20. b4 Nc7 21. f4
Qf7 22. fxe5 dxe5 23. Rac1 Ne6 24. Rf1 Qe7 25. Rce1 Rd8 26. Rf5 Ng5 27. Qg4 Qc7
28. h4 Nf7 29. Ref1 Nd6 30. Rxe5 Nxc4 31. Rc5 Qxc5 32. bxc5 Nxb2 33. Qe6+ Kh8
34. Rf7 Rg8 35. Rxb7 Nd3 36. c6 Nc5 37. Qxg8+ Kxg8 38. c7 1-0

[Event "4NCL Division 2b"]
[Site "De Vere, Sunningdale ENG"]
[Date "2012.11.04"]
[Round "2.55"]
[White "Rizvi, Nasir"]
[Black "Wittmann, Jochen"]
[Result "0-1"]
[WhiteElo "2072"]
[BlackElo "2176"]
[PlyCount "56"]
[EventDate "2012.11.04"]
[WhiteTeam "The AD's"]
[BlackTeam "Kings Head"]

1. c4 f5 2. g3 Nf6 3. Bg2 g6 4. Nc3 Bg7 5. d3 O-O 6. e4 d6 7. Nge2 fxe4 8. dxe4
c5 9. O-O Nc6 10. h3 e5 11. g4 Be6 12. b3 Nd4 13. Ng3 Nxg4 14. hxg4 Qh4 15. Nf5
gxf5 16. exf5 h5 17. f3 hxg4 18. fxg4 Bd7 19. Bd5+ Be6 20. Kg2 Bxd5+ 21. Nxd5
Rae8 22. Rh1 Qd8 23. Qd3 Nxf5 24. gxf5 Qd7 25. Qh3 Qxf5 26. Qxf5 Rxf5 27. Bh6
Re6 28. Bxg7 Rg6+ 0-1

[Event "4NCL Division 2b"]
[Site "De Vere, Sunningdale ENG"]
[Date "2012.11.04"]
[Round "2.56"]
[White "Thomas, Rik H"]
[Black "Bellin, Jana M"]
[Result "1/2-1/2"]
[WhiteElo "2183"]
[BlackElo "2128"]
[PlyCount "75"]
[EventDate "2012.11.04"]
[WhiteTeam "Kings Head"]
[BlackTeam "The AD's"]

1. Nf3 Nf6 2. g3 b6 3. Bg2 Bb7 4. O-O c5 5. c4 g6 6. b3 Bg7 7. Bb2 O-O 8. Nc3
a6 9. d4 cxd4 10. Qxd4 Nc6 11. Qd2 d6 12. Rfd1 Qb8 13. Rac1 b5 14. Nd5 Nxd5 15.
Bxg7 Kxg7 16. cxd5 Ne5 17. Nd4 h6 18. h3 Nd7 19. Nc6 Qe8 20. Na5 Qb8 21. Qc3+
Nf6 22. Qc7 Bc8 23. Qxb8 Rxb8 24. Rc7 Bd7 25. Rdc1 Rbc8 26. f4 Rxc7 27. Rxc7
Rc8 28. Rxc8 Bxc8 29. Kf2 Kf8 30. e4 Ke8 31. Ke3 g5 32. e5 Nh5 33. Kf3 gxf4 34.
gxf4 Bf5 35. Ke3 Bc8 36. b4 Ng3 37. Nc6 Nf5+ 38. Ke4 1/2-1/2

[Event "4NCL Division 2b"]
[Site "De Vere, Sunningdale ENG"]
[Date "2012.11.04"]
[Round "2.58"]
[White "Balaji, Ananthanarayanan"]
[Black "Bellin, Christopher J"]
[Result "1/2-1/2"]
[WhiteElo "1892"]
[BlackElo "1928"]
[PlyCount "59"]
[EventDate "2012.11.04"]
[WhiteTeam "Kings Head"]
[BlackTeam "The AD's"]

1. e4 e5 2. Nf3 Nc6 3. Bb5 a6 4. Ba4 Nf6 5. O-O b5 6. Bb3 Bc5 7. Nxe5 Nxe5 8.
d4 Bxd4 9. Qxd4 d6 10. c3 O-O 11. Bf4 Re8 12. Bxe5 dxe5 13. Qe3 Bb7 14. Nd2 c5
15. Rad1 Qc7 16. Rfe1 Rad8 17. f3 Nd7 18. Nf1 c4 19. Bc2 Nc5 20. Ng3 Bc8 21.
Nh5 f6 22. b4 Ne6 23. a4 Re7 24. Rd5 Bb7 25. axb5 Bxd5 26. exd5 Nf8 27. bxa6
Rxd5 28. Rb1 e4 29. Nf4 Rf5 30. g3 1/2-1/2

[Event "4NCL Division 2b"]
[Site "De Vere, Sunningdale ENG"]
[Date "2012.11.04"]
[Round "2.61"]
[White "Weller, Jean-Luc"]
[Black "Rudd, Jack"]
[Result "0-1"]
[WhiteElo "2176"]
[BlackElo "2335"]
[PlyCount "84"]
[EventDate "2012.11.04"]
[WhiteTeam "White Rose 2"]
[BlackTeam "Bristol 1"]

1. d4 Nf6 2. Bg5 Ne4 3. Bf4 c5 4. f3 Qa5+ 5. c3 Nf6 6. d5 Qb6 7. Bc1 e6 8. e4
exd5 9. exd5 Bd6 10. Na3 O-O 11. Bd3 Re8+ 12. Ne2 Bf8 13. Nc4 Qd8 14. Ne3 d6
15. O-O Na6 16. a4 Nc7 17. c4 g6 18. h3 Bg7 19. Qc2 Na6 20. Qb3 Nb4 21. Bb1 a5
22. Ng3 h5 23. Ra3 h4 24. Ne2 Nh5 25. f4 f5 26. Qd1 b6 27. Rf3 Ra7 28. g4 hxg3
29. Nxg3 Qh4 30. Nxh5 Qxh5 31. Ng2 Rae7 32. Kh2 Ba6 33. Bd3 Nxd3 34. Qxd3 Re4
35. b3 Re2 36. Rg3 Kf7 37. Be3 Bf6 38. Bg1 Rb2 39. Re3 Rxe3 40. Qxe3 Bc8 41.
Qg3 Qe2 42. Be3 Bh4 0-1

[Event "4NCL Division 2b"]
[Site "De Vere, Sunningdale ENG"]
[Date "2012.11.04"]
[Round "2.62"]
[White "Beaumont, Chris R"]
[Black "Adams, David M"]
[Result "1-0"]
[WhiteElo "2273"]
[BlackElo "2216"]
[PlyCount "93"]
[EventDate "2012.11.04"]
[WhiteTeam "Bristol 1"]
[BlackTeam "White Rose 2"]

1. Nf3 d5 2. c4 c6 3. g3 Nf6 4. Bg2 g6 5. b3 Bg7 6. Bb2 O-O 7. O-O Re8 8. Qc2
Bg4 9. d3 Nbd7 10. Nbd2 Nh5 11. Bxg7 Nxg7 12. Rac1 Rc8 13. Qc3 e5 14. cxd5 cxd5
15. Qb4 Bxf3 16. Bxf3 Qb6 17. Qg4 Rxc1 18. Rxc1 Nf6 19. Qa4 Rd8 20. Qa3 Ne6 21.
Qb2 Nd4 22. e3 Nc6 23. Bg2 Qb4 24. a3 Qd6 25. b4 Re8 26. b5 Nb8 27. Qb4 Qb6 28.
Qc5 Nbd7 29. Qxb6 axb6 30. Rc7 Ra8 31. Bxd5 Rxa3 32. Bc4 Ra1+ 33. Kg2 Ra4 34.
Rxb7 Rb4 35. Rc7 h5 36. h3 Rb2 37. Ne4 Nxe4 38. dxe4 Rd2 39. Bd5 Nc5 40. Bxf7+
Kg7 41. g4 hxg4 42. hxg4 Kf6 43. Bd5 Rb2 44. Rf7+ Kg5 45. Kg3 Kh6 46. f4 g5 47.
fxe5 1-0

[Event "4NCL Division 2b"]
[Site "De Vere, Sunningdale ENG"]
[Date "2012.11.04"]
[Round "2.63"]
[White "Burnett, Jim"]
[Black "Curtis, John E"]
[Result "1-0"]
[WhiteElo "2172"]
[BlackElo "2111"]
[PlyCount "77"]
[EventDate "2012.11.04"]
[WhiteTeam "White Rose 2"]
[BlackTeam "Bristol 1"]

1. d4 Nf6 2. c4 c5 3. Nf3 cxd4 4. Nxd4 e5 5. Nb5 d5 6. cxd5 Bc5 7. N5c3 O-O 8.
e3 e4 9. Be2 Qe7 10. a3 a5 11. Nd2 Rd8 12. Qc2 Bf5 13. Nb3 Nbd7 14. Bd2 a4 15.
Nxc5 Nxc5 16. O-O Nb3 17. Rad1 Qc5 18. Qb1 Nxd5 19. Nxd5 Nxd2 20. Rxd2 Rxd5 21.
Rxd5 Qxd5 22. Rd1 Qc6 23. Rd4 h6 24. h3 Be6 25. Qxe4 Qc1+ 26. Kh2 Qxb2 27. Bd3
g6 28. Qf4 Qxa3 29. Qf6 Qf8 30. Bxg6 Qg7 31. Bxf7+ Qxf7 32. Qxh6 Bxh3 33. Qxh3
Qc7+ 34. g3 Qc8 35. Rg4+ Kf7 36. Qh5+ Ke6 37. Rg6+ Ke7 38. Qh7+ Ke8 39. Rg8#
1-0

[Event "4NCL Division 2b"]
[Site "De Vere, Sunningdale ENG"]
[Date "2012.11.04"]
[Round "2.64"]
[White "Dilleigh, Stephen P"]
[Black "Weller, Pierre"]
[Result "1/2-1/2"]
[WhiteElo "2099"]
[BlackElo "2124"]
[PlyCount "94"]
[EventDate "2012.11.04"]
[WhiteTeam "Bristol 1"]
[BlackTeam "White Rose 2"]

1. d4 Nf6 2. c4 c5 3. d5 b5 4. cxb5 a6 5. bxa6 g6 6. Nc3 Bxa6 7. e4 Bxf1 8.
Kxf1 d6 9. g3 Bg7 10. Kg2 Nbd7 11. Nf3 O-O 12. Re1 Ng4 13. Nd2 Nge5 14. Qe2 Nb6
15. f4 Ned7 16. a4 Bxc3 17. bxc3 Nxa4 18. c4 Nc3 19. Rxa8 Qxa8 20. Qd3 Na2 21.
Bb2 Rb8 22. Ba1 f6 23. e5 Nb4 24. Qc3 fxe5 25. fxe5 Nxd5 26. cxd5 Qxd5+ 27. Kg1
Nxe5 28. Qe3 Qxd2 29. Bxe5 Qxe3+ 30. Rxe3 Kf7 31. Bc3 Rb3 32. Kf2 d5 33. Be5
Rxe3 34. Kxe3 Ke6 35. Bb8 Kf5 36. h3 e5 37. g4+ Ke6 38. Ba7 c4 39. Bc5 Kd7 40.
Bf8 Kc6 41. Bg7 d4+ 42. Ke4 d3 43. Ke3 Kd5 44. Bf6 h5 45. Bh8 hxg4 46. hxg4 Ke6
47. Bg7 Kd5 1/2-1/2